000 00331nam a2200133Ia 4500
008 230312s9999||||xx |||||||||||||| ||und||
082 _a891.4
_bKHU-C
100 _aخُواجہ شمسُ الدین عظمی
245 0 _aکلر تھراپی
260 _bالکتاب
_apak
300 _a382
650 _aLiterature
942 _cBK
999 _c15008
_d15008